[Event "CZE-chT2B 1314"]
[Site "Czech Republic"]
[Date "2014.03.23"]
[Round "10.3"]
[White "Chaloupka, Vladimir"]
[Black "Vevera, Radek"]
[Result "0-1"]
[WhiteElo "2065"]
[BlackElo "2120"]
[PlyCount "84"]
[EventDate "2013.11.03"]
[EventType "team-tourn"]
[EventRounds "11"]
[EventCountry "CZE"]
[SourceTitle "EXT 2015"]
[Source "ChessBase"]
[SourceDate "2014.11.20"]
[SourceVersion "1"]
[SourceVersionDate "2014.11.20"]
[SourceQuality "1"]
[WhiteTeam "Litomerice"]
[BlackTeam "Praha Bohemians II"]
[WhiteTeamCountry "CZE"]
[BlackTeamCountry "CZE"]

1. d4 Nf6 2. c4 d6 3. Nc3 g6 4. e4 Bg7 5. Nf3 0-0 6. Be2 e5 7. 0-0 Nc6 8. d5 Ne7 9. Ne1 Nd7 10. Be3 f5 11. f3 f4 12. Bf2 g5 13. b4 Rf6 14. c5 Rh6 15. Kh1 Nf6 16. g4 fxg3 17. Bxg3 Nh5 18. Rg1 Ng6 19. Rc1 Ngf4 20. Bf1 Bh3 21. Bxh3 Nxh3 22. Rg2 Nxg3+ 23. Rxg3 Nf2+ 24. Kg1 Nxd1 25. Nxd1 Rg6 26. Ne3 a5 27. b5 dxc5 28. Rxc5 Bf8 29. Rc2 a4 30. Nd3 Bd6 31. Nc4 Qe7 32. Kf2 Bc5+ 33. Ke2 Bd4 34. Rc1 Kh8 35. Rb1 Rag8 36. h3 h5 37. Rg2 Rh6 38. Ne3 Bxe3 39. Kxe3 g4 40. fxg4 hxg4 41. hxg4 Rh3+ 42. Ke2 Qg5 0-1

[Event "CZE-chT2B 1314"]
[Site "Czech Republic"]
[Date "2013.11.17"]
[Round "2.5"]
[White "Vevera, Radek"]
[Black "Prudek, Jiri"]
[Result "1-0"]
[WhiteElo "2120"]
[BlackElo "2036"]
[PlyCount "89"]
[EventDate "2013.11.03"]
[EventType "team-tourn"]
[EventRounds "11"]
[EventCountry "CZE"]
[SourceTitle "EXT 2015"]
[Source "ChessBase"]
[SourceDate "2014.11.20"]
[SourceVersion "1"]
[SourceVersionDate "2014.11.20"]
[SourceQuality "1"]
[WhiteTeam "Praha Bohemians II"]
[BlackTeam "Novoborsky III"]
[WhiteTeamCountry "CZE"]
[BlackTeamCountry "CZE"]

1. d4 f5 2. Nc3 Nf6 3. Bg5 g6 4. Bxf6 exf6 5. e3 d5 6. h4 c6 7. Bd3 Bd6 8. Qf3 Be6 9. h5 Kd7 10. Nge2 Na6 11. a3 Nc7 12. Nf4 Bxf4 13. Qxf4 Qe7 14. 0-0-0 Raf8 15. Ne2 Kc8 16. Rh2 Qd7 17. hxg6 hxg6 18. Rdh1 Qg7 19. Rh6 g5 20. Qh2 Rxh6 21. Qxh6 Qxh6 22. Rxh6 Ne8 23. Ng3 Ng7 24. Rh7 Rg8 25. Kd2 a5 26. b4 axb4 27. axb4 b5 28. Ne2 Kd8 29. Nc1 Ne8 30. Nb3 Rg7 31. Rh8 Ke7 32. Nc5 Bc8 33. Ke2 Nd6 34. g3 Ne8 35. Ke1 Nd6 36. Be2 Ne8 37. Bh5 Nd6 38. Ke2 Bd7 39. Ra8 Nc8 40. g4 f4 41. exf4 gxf4 42. Kf3 Kd6 43. Kxf4 Nb6 44. Rf8 Ke7 45. Rb8 1-0

[Event "CZE-chT2B 1314"]
[Site "Czech Republic"]
[Date "2013.11.03"]
[Round "1.5"]
[White "Kotek, Daniel"]
[Black "Vevera, Radek"]
[Result "1-0"]
[WhiteElo "2280"]
[BlackElo "2120"]
[PlyCount "107"]
[EventDate "2013.11.03"]
[EventType "team-tourn"]
[EventRounds "11"]
[EventCountry "CZE"]
[SourceTitle "EXT 2015"]
[Source "ChessBase"]
[SourceDate "2014.11.20"]
[SourceVersion "1"]
[SourceVersionDate "2014.11.20"]
[SourceQuality "1"]
[WhiteTeam "Usti nad Labem"]
[BlackTeam "Praha Bohemians II"]
[WhiteTeamCountry "CZE"]
[BlackTeamCountry "CZE"]

1. e4 c6 2. d4 d5 3. e5 Bf5 4. h4 h6 5. g4 Be4 6. f3 Bh7 7. e6 fxe6 8. Bd3 Qd6 9. f4 Nf6 10. Bxh7 Rxh7 11. Qd3 Ne4 12. Nc3 Na6 13. Nxe4 dxe4 14. Qxe4 Qd5 15. Qg6+ Kd7 16. Rh2 Rh8 17. Be3 h5 18. c4 Qxc4 19. Nf3 Qd5 20. Ne5+ Kc7 21. g5 Rd8 22. Nf7 Qf3 23. Qxe6 Nb4 24. Rd1 Qg3+ 25. Rf2 Nd5 26. Bc1 Rd6 27. Qe2 Rg8 28. Nxd6 Kxd6 29. f5 e5 30. Rd3 Qxh4 31. Qxe5+ Kd7 32. Qe6+ Kc7 33. a3 Rh8 34. Qe5+ Kd7 35. Rdf3 Bb4+ 36. Kd1 Re8 37. Qxg7+ Re7 38. Qh8 Re1+ 39. Kc2 Qe4+ 40. Kb3 Rxc1 41. Qe5 Qe1 42. Qxe1 Bxe1 43. f6 Ne7 44. f7 Ng6 45. Re2 Bg3 46. Rxg3 Rf1 47. Re8 h4 48. Rge3 Rxf7 49. Rg8 Nf4 50. g6 Rf6 51. g7 Rg6 52. Rf8 Nd5 53. Rf7+ Kd6 54. Re8 1-0

[Event "CZE-chT2C 1213"]
[Site "Czech Republic"]
[Date "2013.03.03"]
[Round "10.6"]
[White "Vevera, Radek"]
[Black "Krouzel, Jaroslav"]
[Result "1/2-1/2"]
[WhiteElo "2109"]
[BlackElo "2153"]
[PlyCount "65"]
[EventDate "2012.10.14"]
[EventType "team-tourn"]
[EventRounds "11"]
[EventCountry "CZE"]
[SourceTitle "EXT 2015"]
[Source "ChessBase"]
[SourceDate "2014.11.20"]
[SourceVersion "1"]
[SourceVersionDate "2014.11.20"]
[SourceQuality "1"]
[WhiteTeam "Praha Bohemians II"]
[BlackTeam "Pankrac II"]
[WhiteTeamCountry "CZE"]
[BlackTeamCountry "CZE"]

1. d4 f5 2. Nc3 d5 3. Bf4 e6 4. e3 Nf6 5. Nf3 Be7 6. Nb5 Na6 7. c4 Bb4+ 8. Nc3 Ne4 9. Qc2 c6 10. Be2 Qa5 11. Rc1 Qxa2 12. 0-0 Bxc3 13. bxc3 Qxc2 14. Rxc2 Nb8 15. Ra1 Nd7 16. c5 0-0 17. Ne5 Nxe5 18. Bxe5 Ng5 19. Bd6 Re8 20. f4 Nf7 21. Bc7 Re7 22. Bb6 a6 23. Bh5 g6 24. Bf3 Bd7 25. h4 Kg7 26. g3 Rg8 27. Rh2 Bc8 28. Kf2 Kf6 29. Rhh1 Nh6 30. Ke2 Reg7 31. Rh2 Nf7 32. Kf2 h6 33. Rah1 1/2-1/2